00565nmm a2200169Ia 4500008004100000020001500041041000800056100001900064245011500083264005100198300001800249490003100267650002300298856005000321942000700371999001700378251105s9999||||xx |||||||||||||||||und|| a8470306243 aspa aComte, Auguste 0aDiscurso sobre el espíritu positivo :b Discurso preliminar del tratado filosófico de astronomía popular a[Madrid, España] :bBiblioteca Nueva, c1999 a168 páginas aClásicos del pensamiento aPhilosophy, Ethics uhttps://public.digitaliapublishing.com/a/4540 cCF c73127d73127